000 00726nam a2200265Ia 4500
001 Para_3673
003 CHAP
008 220125s1946 xx 000 0 und d
010 _a202273
040 _cCHAP
082 _aPA-C 633.1 S88
100 _aCarreto de la Mora, Vicente
_919428
245 _aMancha líneal amarilla del trigo (Black chaff) /
_c por Vicente Carreto de la Mora
260 _aMéxico :
_b DGA
300 _a5 h.
500 _aEncuadernado con otros impresos similares
650 _aCereales
_921370
901 _aPA-C 633.1 S88
902 _aA
905 _a0000001946 mx 0000000000 00
910 _a1946
942 _cPARA
942 _cPARA
_d1
999 _c202273
_d202273